Staletí mezinárodních vztahů a diplomacie

Uložené v:
Podrobná bibliografia
Hlavný autor: Veselý, Zdeněk
Médium: Kniha
Jazyk:Czech
Vydavateľské údaje: Plzeň Vydavatelství a nakladatelství Aleš Čeněk 2024
Predmet:
Tagy: Pridať tag
Žiadne tagy, Buďte prvý, kto otaguje tento záznam!

MARC

LEADER 00000nam a2200000 4500
001 0310865
005 20250728103800.0
020 |a 978-80-7380-954-6 
041 0 |a cze 
044 |a CZ 
245 1 0 |a Staletí mezinárodních vztahů a diplomacie  |c Zdeněk Veselý 
264 1 |a Plzeň  |b Vydavatelství a nakladatelství Aleš Čeněk  |c 2024 
300 |a 662 s. 
610 2 0 |a vzťahy medzinárodné 
610 2 0 |a dejiny hospodárske 
610 2 0 |a dejiny myslenia ekonomického 
610 2 0 |a politika medzinárodná 
610 2 0 |a diplomacia 
100 1 |a Veselý, Zdeněk